Obras de Antonio Gramsci : pasado y presente /

Guardado en:
Detalles Bibliográficos
Autor principal: Gramsci, Antonio (autor)
Otros autores: Ojeda Padilla, Gabriel (traducción) (traducción)
Formato: Libro
Idioma:Español
Publicado: México : Juan Pablos, 1977, c1977
Etiquetas: Agrega una etiqueta
Sin etiquetas, Sé el primero en etiquetar este registro!

MARC

LEADER 00000nam^a2200000^a^4500
001 000565656
005 20250521000000.0
009 20260310132051.727
037 |a Acervo Xavier Clavigero 
041 |a ESP 
091 |a FPA. 01184 
100 |a Gramsci, Antonio  |e (autor) 
245 1 0 |a Obras de Antonio Gramsci :  |b pasado y presente / 
264 4 |a México :  |b Juan Pablos,  |c 1977, c1977 
300 |a 294 p. 
336 |a texto  |b txt  |2 rdacontenido 
337 |a sin mediación  |b n  |2 rdamedio 
338 |a volumen  |b nc  |2 rdasoporte 
649 |a XX 
700 |a Ojeda Padilla, Gabriel  |e (traducción) 
910 |a Fondo José Ignacio Palencia Gómez S.J. 
920 |a Impresos - Libros 
930 |a Fondos Especiales 
905 |a 137 
901 |a 0500362884  |b IT2  |c ESL  |i D  |u 20250521 
902 |a https://opac.biblio.iteso.mx/vufind/Record/000565656